Circuits, devices, and systems: a first course in electrical engineering (Record no. 9020)

000 -LEADER
fixed length control field 00538 a2200157 4500
020 ## - INTERNATIONAL STANDARD BOOK NUMBER
International Standard Book Number 997151172X
040 ## - CATALOGING SOURCE
Original cataloging agency DLC
Language of cataloging DLC
100 10 - MAIN ENTRY--PERSONAL NAME
Personal name Smith, Ralph J
245 10 - TITLE STATEMENT
Title Circuits, devices, and systems: a first course in electrical engineering
Remainder of title : a first course in electrical engineering
Statement of responsibility, etc. Ralph J. Smith, Richard C. Dorf.
250 ## - EDITION STATEMENT
Edition statement 5th ed.
260 0# - PUBLICATION, DISTRIBUTION, ETC.
Place of publication, distribution, etc. Singapore
Name of publisher, distributor, etc. : J. Wiley
Date of publication, distribution, etc. , c1995.
300 ## - PHYSICAL DESCRIPTION
Extent xi, 868 p.
Other physical details : ill. (some col.)
Dimensions ; 26 cm.
650 #0 - SUBJECT ADDED ENTRY--TOPICAL TERM
Topical term or geographic name entry element Electric engineering.
700 10 - ADDED ENTRY--PERSONAL NAME
Personal name Dorf, Richard C.
942 ## - ADDED ENTRY ELEMENTS (KOHA)
Koha item type Book
Call number prefix 621.3 SMI
Source of classification or shelving scheme
Holdings
Withdrawn status Lost status Damaged status Not for loan Collection code Permanent Location Current Location Shelving location Date acquired Source of acquisition Cost, normal purchase price Total Checkouts Full call number Barcode Date last seen Price effective from Koha item type
          Central Library (CL) Central Library (CL) General Stacks 08/11/2004 Book Field 702.30   621.3 SMI SEECS004664 11/14/2012 01/05/2017 Book
© 2023 Central Library, National University of Sciences and Technology. All Rights Reserved.